| 000 | 00854nam a2200229Ia 4500 | ||
|---|---|---|---|
| 001 | 20223 | ||
| 003 | GE_BSU | ||
| 008 | 181216s||||||||xx |||||||||||||| ||und|| | ||
| 040 | _cGE_BSU | ||
| 080 | _a81'374.822=161.1=353 | ||
| 100 | _aЦерцвадзе ,И .И. | ||
| 245 | _aСловарь-справочник по глагольному управления в русском языке с грузинскими эквивалентами = Для учашихся старших классов грузинских школ | ||
| 245 | _cРедактор О.Д. Кинкладзе. | ||
| 260 | _aТбилиси | ||
| 260 | _bГанатлеба | ||
| 260 | _c1988. | ||
| 300 | _a358 с.22cm | ||
| 541 | _h5л, | ||
| 653 | _aСловарь-справочник. | ||
| 653 | _aცნობარი, ლექსიკონი | ||
| 942 | _cBK | ||
| 999 |
_c53182 _d53182 |
||